| 000 | 00605nam a2200229Ia 4500 | ||
|---|---|---|---|
| 003 | GCL | ||
| 008 | 140319s9999 xx 000 0 eng d | ||
| 040 |
_aGCL / _cGCL |
||
| 082 | 0 | 4 |
_aP _b338.4737 _bH E |
| 100 | 1 | _aHSDDAD, WADI D | |
| 245 | 1 | 0 |
_aEDUCATION AND DEVELOPMENT: EVIDENCE FOR NEW PRIORTIES / _cHSDDAD, WADI D |
| 700 | 1 | _aCARNIY,MARTIM | |
| 700 | 1 | _aRINALDE, ROSEMARY | |
| 700 | 1 | _aREGEL, ONPORN | |
| 260 |
_a[S.N] : _bTHE WORLD BANK ، _c1990 |
||
| 300 | _a99 P | ||
| 650 | 0 | 4 | _aECONOMICS |
| 650 | 0 | 4 | _aDEVELOPMENT |
| 650 | 0 | 4 | _aEDUCATION |
| 650 | 0 | 4 | _aPERIODICALS |
| 942 |
_2ddc _cCR |
||
| 999 |
_c25879 _d25879 |
||